000 00458nam a22001697a 4500
005 20260303150716.0
008 260303b |||||||| |||| 00| 0 eng d
020 _a9789914552126
050 _aPE 1128.E93 2025
100 _aMWANGI PHYLLIS
245 _aEXCELLING IN ENGLISH
260 _aNAIROBI,KENYA
_bKENYA LITERATURE BEREAU
_c2025
300 _aV1,202P.
650 _aENGLISH LANGUAGE
700 _aKIGURU GATITU,GECAGA CHARLES
942 _2lcc
_cBK
999 _c216771
_d216771